MEMORIES (Record no. 22101)
[ view plain ]
| 000 -LEADER | |
|---|---|
| fixed length control field | 00290nam a22001217a 4500 |
| 020 ## - INTERNATIONAL STANDARD BOOK NUMBER | |
| ISBN | 00217509044 |
| 040 ## - CATALOGING SOURCE | |
| Transcribing agency | DLC |
| 082 ## - DEWEY DECIMAL CLASSIFICATION NUMBER | |
| Classification number | 428 ARN 1989 A006 Or. |
| 245 ## - TITLE STATEMENT | |
| Title | MEMORIES |
| 260 ## - PUBLICATION, DISTRIBUTION, ETC. (IMPRINT) | |
| Place of publication | NEW YORK N.Y. |
| Name of publisher | MACMILLAN PUBLISHING COMPANY A DIVISION OF |
| Year of publication | 1989 |
| 300 ## - PHYSICAL DESCRIPTION | |
| Number of Pages | 144P |
| 942 ## - ADDED ENTRY ELEMENTS (KOHA) | |
| Koha item type | ADB |
| 952 ## - LOCATION AND ITEM INFORMATION (KOHA) | |
| Withdrawn status [LOCAL, KOHA] | 0 |
| 952 ## - LOCATION AND ITEM INFORMATION (KOHA) | |
| Withdrawn status [LOCAL, KOHA] | 0 |
| Permanent Location | Date acquired | Koha item type | Lost status | Shelving location | Barcode | Current Location | Full call number |
|---|---|---|---|---|---|---|---|
| Library Block A | 2023-10-30 | ADB | A006 | a18179 | Library Block A | 428 ARN 1989 A006 Or. | |
| Library Block A | 2023-10-30 | ADB | A006 | a18199 | Library Block A | 428 ARN 1989 A006 Or. |